| 000 | 01016 a2200229 4500 | ||
|---|---|---|---|
| 005 | 20260406152623.0 | ||
| 008 | 260406b |||||||| |||| 00| 0 eng d | ||
| 020 | _a9789395817578 (hbk) | ||
| 037 | _cTB | ||
| 040 |
_aCRL _cCRL |
||
| 041 |
_2hin _ahin |
||
| 084 |
_aO152,1J32:g R4 _qCRL |
||
| 100 |
_aबंद्योपाध्याय, अनादिधन _9862775 |
||
| 245 |
_aकिष्किंधाकांड: _bगद्य में तुलसी रामायण |
||
| 260 |
_aनई दिल्ली, भारत: _bसस्ता साहित्य मण्डल प्रकाशन, _c2025. |
||
| 300 | _a42पृ. | ||
| 365 |
_b80.00 _cINR |
||
| 650 | _aहिन्दी कविता | ||
| 650 | _aहिन्दी साहित्य | ||
| 942 |
_cTB _2CC _hO152,1J32:g R4 |
||
| 999 |
_c1467180 _d1467180 |
||